000 00631nam a22002417a 4500
003 UA-OsUOA
001 20414
007 ta
008 20031028b un ||||| |||| 00| 0 ukr d
100 _aТихомиров Г.С.
090 _a910.4: 929 (40+571)
_bТ46
942 _cBK
040 _aUA-OsUOA
_brus
_cUA-OsUOA
_dUA-OsUOA
245 _aГерой Арктики Иван Папанин
_bДокументальный очерк
300 _a187 с.
955 _a0
041 _arus
080 _a910.4: 929 (40+571)
260 _aМосква
_bМысль
_c1984
044 _aRU
650 7 _2UDC
999 _c306591
_d306591